00267 a2200109 4500001000700000020000600007040001100013100002900024240005000053245004500103362000900148181534 a  cMagnum aTorres, Artur de Almeida10aGramatica elementar da lingua portuguesalpor10aGramatica elementar da lingua portuguesa0 a1899